A nevelői munka speciális kérdései a "problémás" gyermekeknél - intézeti nevelés

Elmentve itt :
Bibliográfiai részletek
Szerző: Varga Andrea
További közreműködők: Páger Margit (Témavezető)
Dokumentumtípus: Szakdolgozat
Megjelent: 1996
Tárgyszavak:
Online Access:http://diploma.bibl.u-szeged.hu/115180
LEADER 00658nta a2200169 i 4500
001 dipl115180
005 20210521115955.0
008 210511s1996 hu om 0|| zxx d
040 |a SZTE Diploma Repozitórium  |b hun 
041 |a zxx 
100 1 |a Varga Andrea 
245 1 2 |a A nevelői munka speciális kérdései a "problémás" gyermekeknél - intézeti nevelés  |h [elektronikus dokumentum] /  |c Andrea Varga 
260 |c 1996 
650 4 |a Társadalomtudomány 
650 4 |a Education, general (including training, pedagogy, didactics) 
700 1 |a Páger Margit  |e ths 
856 4 0 |u http://diploma.bibl.u-szeged.hu/id/eprint/115180/1/1996_varga_andrea.pdf  |z Dokumentum-elérés